Statistics for Writers by their works - novels #2, (semi)autobiographical

Click here to take the quiz!

General Stats

  • This quiz has been taken 31 times
  • The average score is 6 of 15

Answer Stats

HintAnswer% Correct
Little WomenLouisa May Alcott
90%
Slaughterhouse-FiveKurt Vonnegut
86%
On the RoadJack Kerouac
79%
The Bell JarSylvia Plath
76%
The Sun Also RisesErnest Hemingway
69%
A Portrait of the Artist as a Young ManJames Joyce
62%
Sons and LoversD H Lawrence
41%
All Quiet on the Western FrontErich Maria Remarque
28%
This Side of ParadiseF Scott Fitzgerald
24%
Invisible ManRalph Ellison
24%
A Tree Grows in BrooklynBetty Smith
14%
The House on Mango StreetSandra Cisneros
14%
The Absolutely True Diary of a Part-Time IndianSherman Alexie
14%
Look Homeward, AngelThomas Wolfe
14%
A Death in the FamilyJames Agee
7%

Score Distribution

Percentile by Number Answered

Percent of People with Each Score

Your Score History

You have not taken this quiz